Разработка элементов гибкого автоматизированного производства обуви литьем. Технические предложения: Заключительный отчет о НИР; Тема: х/д № 7-14/87; Ч. 1. Машина лазерного раскроя мягких материалов; Ч. 2. Разработка робототехнических комплексов для литьевой машины Ф2С/14. САПР конструирования обуви; Ч. 3. Разработка робототехнических комплексов для литьевой машины Ф2С/14. САПР конструирования обуви
| Korporativní autor: | |
|---|---|
| Další autoři: | , , , |
| Jazyk: | ruština |
| Vydáno: |
Томск, 1989
|
| TOC: | Ч. 1. Машина лазерного раскроя мягких материалов; Ч. 2. Разработка робототехнических комплексов для литьевой машины Ф2С/14. САПР конструирования обуви; Ч. 3. Разработка робототехнических комплексов для литьевой машины Ф2С/14. САПР конструирования обуви; |
| Témata: | |
| Médium: | MixedMaterials Kniha |
| KOHA link: | https://koha.lib.tpu.ru/cgi-bin/koha/opac-detail.pl?biblionumber=152852 |
MARC
| LEADER | 00000nbm0a2200000 4500 | ||
|---|---|---|---|
| 001 | 152852 | ||
| 005 | 20231031151159.0 | ||
| 029 | 0 | 0 | |a SU |b 01870055078 |f ТПУ |
| 035 | |a (RuTPU)RU\TPU\book\165720 | ||
| 090 | |a 152852 | ||
| 100 | |a 20090205d1989 k y0rusy50 ca | ||
| 101 | 0 | |a rus | |
| 102 | |a RU | ||
| 105 | |a a p 001zy | ||
| 200 | 1 | |a Разработка элементов гибкого автоматизированного производства обуви литьем. Технические предложения |e Заключительный отчет о НИР |e Тема: х/д № 7-14/87 |f Томский политехнический институт (ТПИ) ; руководитель В. П. Обрусник , К. А. Хорьков ; отв. исполн. В. Б. Терехин ; В. Н. Шкляр | |
| 210 | |a Томск |d 1989 | ||
| 215 | |a 228 л. | ||
| 320 | |a Библиогр. в конце кн. | ||
| 464 | |t Ч. 1. Машина лазерного раскроя мягких материалов | ||
| 464 | |t Ч. 2. Разработка робототехнических комплексов для литьевой машины Ф2С/14. САПР конструирования обуви | ||
| 464 | |t Ч. 3. Разработка робототехнических комплексов для литьевой машины Ф2С/14. САПР конструирования обуви | ||
| 610 | 1 | |a отчеты о НИР | |
| 610 | 1 | |a литьевые машины | |
| 610 | 1 | |a автоматизированное проектирование | |
| 610 | 1 | |a электроприводы | |
| 610 | 1 | |a промышленные роботы | |
| 610 | 1 | |a лазеры | |
| 610 | 1 | |a раскрой | |
| 610 | 1 | |a схваты | |
| 610 | 1 | |a литники | |
| 610 | 1 | |a кинематические схемы | |
| 675 | |a 685(04) |v 3 | ||
| 702 | 1 | |a Обрусник |b В. П. |4 673 | |
| 702 | 1 | |a Хорьков |b К. А. |4 673 | |
| 702 | 1 | |a Терехин |b В. Б. |4 677 | |
| 702 | 1 | |a Шкляр |b В. Н. |4 677 | |
| 712 | 0 | 2 | |a Томский политехнический институт (ТПИ) |c (1944-1991) |2 stltpush |3 (RuTPU)RU\TPU\col\1123 |4 595 |
| 801 | 1 | |a RU |b 63413507 |c 20090205 |g PSBO | |
| 801 | 2 | |a RU |b 63413507 |c 20090205 |g PSBO | |
| 942 | |c BK | ||